000 01466nam0a22003011 4500
001 rc\4171796
005 20260407110056.0
021 _aRU
_b[54-30469]
035 _a(NLR Aleph) 008183838
090 _a7932792
_c7932792
100 _a20130415d1954 |||y0rusy50 ca
101 0 _arus
102 _aRU
105 _aa z |||||
200 1 _aТиповые примеры по экономии листового металла на заводах автомобильной и тракторной промышленности
_e[Альбом]
_fМ-во автомоб., тракт. и с.-х. машиностроения СССР. Гос. всесоюз. ин-т автомоб. технологии "Оргавтопром"
210 _aМосква
_cОтд. техн. информации
_d1954
215 _a82 с.
_cчерт.
_d18х26
300 _aВ вып. дан. сост.: инженеры А.Н. Митькин, М.С. Чибисова
606 _aАвтостроение
_xЭкономия металлов
_2psbo
606 _aТракторостроение
_xЭкономия металлов
_2psbo
702 1 _aЧибисова
_bМ.С.
_4220
702 1 _aМитькин
_bА.Н.
_4220
712 0 2 _aВсесоюзный институт автомобильной технологии
_3RU\NLR\AUTH\889937796
_9370405
801 0 _aRU
_bNLR
_gpsbo
801 1 _aRU
_bELAR
_2rusmarc
852 _aNLR
_jТ86 Г-8/253
942 _cBOOK
980 _aNB